Stop the clock (Record no. 70000)

MARC details
000 -LEADER
fixed length control field 00977cam a2200229 4500
001 - CONTROL NUMBER
control field ABS65412
008 - FIXED-LENGTH DATA ELEMENTS--GENERAL INFORMATION
fixed length control field 020417n2002 000 0 eng u
035 ## - SYSTEM CONTROL NUMBER
System control number (Sirsi) u117543
100 ## - MAIN ENTRY--PERSONAL NAME
Personal name Gaunt, J
245 ## - TITLE STATEMENT
Title Stop the clock
260 ## - PUBLICATION, DISTRIBUTION, ETC.
Date of publication, distribution, etc. 2002
490 ## - SERIES STATEMENT
Series statement Estates Gazette
Volume/sequential designation (0213) 30 March 2002, 96(1)
520 ## - SUMMARY, ETC.
Summary, etc. Argues that rent review hearings could prove shorter, more straightforward and less expensive if the parties agreed on a procedure beforehand. Ilustrates how a recent arbitration adopted such a procedure and details the two day timetable and rules agreed on by both parties. Concludes that the implementation of this procedure is hard work and requires a certain amount of fair play, but should prevent hearings leading to extra delay and cost.
590 ## - LOCAL NOTE (RLIN)
Local note ABS
650 ## - SUBJECT ADDED ENTRY--TOPICAL TERM
Topical term or geographic name entry element RENT REVIEWS
650 ## - SUBJECT ADDED ENTRY--TOPICAL TERM
Topical term or geographic name entry element HEARINGS
650 ## - SUBJECT ADDED ENTRY--TOPICAL TERM
Topical term or geographic name entry element RULES
650 ## - SUBJECT ADDED ENTRY--TOPICAL TERM
Topical term or geographic name entry element TIMETABLE
650 ## - SUBJECT ADDED ENTRY--TOPICAL TERM
Topical term or geographic name entry element PROCEDURE
690 ## - LOCAL SUBJECT ADDED ENTRY--TOPICAL TERM (OCLC, RLIN)
Topical term or geographic name as entry element LANDLORD AND TENANT-RENT REVIEWS
942 ## - ADDED ENTRY ELEMENTS (KOHA)
Suppress in OPAC 0
Holdings
Withdrawn status Lost status Source of classification or shelving scheme Damaged status Not for loan Home library Current library Shelving location Date acquired Total Checkouts Full call number Barcode Date last seen Copy number Price effective from Koha item type
    Dewey Decimal Classification     London London Journal article 17/04/2002   ABS65412 117543-1001 06/08/2019 1 06/08/2019 Journal article